000 00277nam a2200097Ia 4500
001 1225338
005 20250827092943.0
008 250824s9999 xx 000 0 und d
245 0 _aPEKİNDEN GELEN ADAM
_cHENNİNG MANKELL
260 _bALTIN KİTAPLAR YAYINLARI
999 _c1225338
_d1225338